000 00387nam a2200157Ia 4500
008 230312s9999||||xx |||||||||||||| ||und||
020 _a0-07-135345-3
082 _a005.13
_bHUB
100 _aJohn R. Hubbard
245 0 _aData Structure With C++
260 _bMcGraw Hill
_aUSA
_c2000
300 _a407
546 _aEng.
650 _aComputer
_vPointers, Classes, Tables
942 _cBK
999 _c7323
_d7323